| 000 | 00361nam a22001457a 4500 | ||
|---|---|---|---|
| 999 |
_c7971 _d7971 |
||
| 003 | OSt | ||
| 005 | 20200611131604.0 | ||
| 008 | 200611b ||||| |||| 00| 0 eng d | ||
| 020 | _a9781840916805 | ||
| 082 |
_a720 _bSUD |
||
| 100 | _a Sudjic, Deyan | ||
| 245 | _aFifty modern buildings that changed the world | ||
| 260 |
_aUK _bConran _cJuly 7, 2015 |
||
| 942 | _2ddc | ||